01907cas a2200373 a 450000100100000000500170001000800410002701000310006802200140009903500230011304000930013604200130022904300120024205000140025406000160026807400090028408600130029322200510030624500520035724600320040926001240044130000200056531001900058536200610077550001040083651500890094055001850102965000480121471000570126271000580131978001140137708200140149101200280150500000095720200929145443.0761112d1967199udcuzx1 wl f a eng d a 79611725 zsc 78001338  a0012-2785 a(OCoLC)ocm02554382 aDO-SdBNPcNSDPdDLCdNSTdDLCdOCoLCdDGPO-SdNSDPdNSTdDLCdDGPOdNSTdDGPOdNSTdDGPO ansdpalc an-us---00aKF18b.L50 aZ 6456 D572 a08070 aLC 14.6: 0aDigest of public general bills and resolutions00aDigest of public general bills and resolutions.14aCRS bill digestf<1988>-199 aWashington, D.C. :bLegislative Reference Service, Library of Congress :bFor sale by the Supt. of Docs., U.S. G.P.O.,. av. ;c26-28 cm. aNormally published during each session of Congress in five or more cumulative issues with bi-weekly supplementation as may be needed and a final issue at the conclusion of each session.1 aCeased with final issue for 101st Congress, 2nd session. aDescription based on: 90th Congress, 1st session, final issue, published in 1967; title from cover. aFinal issues for <100th Congress, 2nd session>-101st Congress issued in 2 or more v. aVols. for 90th-91st Congress published by: Library of Congress, Legislative Reference Service; 92nd Congress-101st Congress by: Library of Congress, Congressional Research Service. 0aBills, legislativezUnited StatesxDigests.20aLibrary of Congress.bLegislative Reference Service.20aLibrary of Congress.bCongressional Research Service.00tDigest of public general bills and selected resolutions with indexx0090-0125w(DLC) 36026093w(OCoLC)5342016 a348/.73/1 a-3-7-9501250726-p-----0